Historia de la Guerra de España contra el emperador Napoleón / (Record no. 48641)

MARC details
000 -LEADER
campo de control de longitud fija 00506nam a22001695i 4500
001 - NÚMERO DE CONTROL
campo de control 48641
003 - IDENTIFICADOR DE NÚMERO DE CONTROL
campo de control ES-MaACL
005 - FECHA Y HORA DE LA ÚLTIMA TRANSACCIÓN
campo de control 20230906161805.0
007 - CAMPO FIJO DE DESCRIPCIÓN FÍSICA--INFORMACIÓN GENERAL
campo de control de longitud fija t|
008 - DATOS DE LONGITUD FIJA--INFORMACIÓN GENERAL
campo de control de longitud fija 941129s1843 sp ||||1| spa d
040 ## - FUENTE DE CATALOGACIÓN
Centro catalogador/agencia de origen AS
Lengua de catalogación spa
100 1# - ENTRADA PRINCIPAL--NOMBRE DE PERSONA
Nombre de persona Díaz de Baeza, Juan.
9 (RLIN) 44215
245 10 - MENCIÓN DEL TÍTULO
Título Historia de la Guerra de España contra el emperador Napoleón /
Mención de responsabilidad, etc. por el presbítero Juan Díaz de Baeza.
260 ## - PUBLICACIÓN, DISTRIBUCIÓN, ETC.
Lugar de publicación, distribución, etc. Madrid :
Nombre del editor, distribuidor, etc. I. Boix,
Fecha de publicación, distribución, etc. 1843.
300 ## - DESCRIPCIÓN FÍSICA
Extensión IV, 477 p. :
Otras características físicas il. ;
Dimensiones 21 cm.
852 ## - LOCALIZACIÓN
Ubicación ES-MaACL
Número de control de estantería D-396
Holdings
Estatus retirado Estado de pérdida Estado de daño No para préstamo Colección Biblioteca de origen Biblioteca actual Ubicación en estantería Fecha de adquisición Fuente de adquisición Total de préstamos Signatura topográfica completa Código de barras Visto por última vez Precio de reemplazo Tipo de ítem Koha
        Libros del s. XIX Biblioteca del Ateneo de Madrid Biblioteca del Ateneo de Madrid Sala Valle Inclán 17/01/2008     D-396 901051187 23/02/2023 23/02/2023 Libro impreso antiguo